000 00716nam a2200229 i 4500
001 79245
003 ES-MaACL
005 20231205195309.0
007 t|
008 041020s1974 xxk ||||1| eng d
020 _a84-399-2688-X
080 _a821.134.2 Cela, Camilo José 7 Colmena.06
100 1 _aHenn, David.
_962546
245 1 0 _aC.J. Cela, La colmena /
_cDavid Henn.
260 _aLondon :
_bGrant & Cutler,
_c1974.
300 _a80 p. ;
_c20 cm.
490 1 _aCritical guides to Spanish texts ;
_v11
600 1 4 _aCela, Camilo José,
_d1916-2002.
_tLa colmena
_9174023
830 1 _aCritical guides to Spanish texts ;
_v11
_9183621
852 4 _aES-MaACL
_jE-6598
999 _c79245
_d79245